000 00992nam a22003257a 4500
001 BR7603376
003 BR-BrBNA
005 20230928085024.0
007 ta
008 230509b bl.||||| |||| 00| 0 por d
040 _aBR-BrBNA
_bpor
_cBiblioteca Nacional de Agricultura
041 _a(Por)
072 _aF27
_b2120
090 _ 2120 BR7603376
100 1 _aMelles, C. do C.A.
100 1 _aNacif, A. de P.
100 1 _aCarvalho, M.M. de
100 1 _aGuimaraes, P.T.G.
100 1 _aAndrade, M.A. de
110 1 _aEmpresa de Pesquisa Agropecuaria de Minas Gerais, Belo Horizonte (Brasil)
245 1 _aEfeito de culturas intercalares na formacao do cafeeiro
260 3 _aBelo Horizonte, MG (Brasil):
_c1976.
300 _a3 p.
500 _a(*) Documento disponível no(a) Instituto Brasileiro do Cafe, Rio de Janeiro, RJ
650 _aCAFE
650 _aCULTIVO INTERCALADO
650 _aPRATICA CULTURAL
909 _a202309
_bLucia
_c55
_dLucia Elande
942 _cBK
999 _c22425
_d22425